The man of property. /
Uložené v:
| Hlavný autor: | |
|---|---|
| Médium: | Kniha |
| Jazyk: | English |
| Vydané: |
London :
William Heinemann Ltd.,
1925
|
| Vydanie: | 1. vyd. |
| Témy: | |
| ISBN: |
(viaz.) |
| Fyzický popis: |
376 s. |
| Tagy: |
Pridať tag
Žiadne tagy, Buďte prvý kto otaguje tento záznam!
|
Titul je dostupný aj v ... 

MARC
| LEADER | 00000nam a2200000 a 4500 | ||
|---|---|---|---|
| 001 | 000077921 | ||
| 003 | SVKK | ||
| 005 | 20060503140743.0 | ||
| 008 | 060418s1925 xxk e engo | ||
| 020 | |a (viaz.) | ||
| 040 | |a SVKKK |b slo |c SVKKK |e AACR2 | ||
| 041 | 0 | |a eng | |
| 044 | |a xxk |c GB | ||
| 080 | |a 821.111-3 |2 1997 | ||
| 100 | 1 | |a Galsworthy, John, |d 1867-1933 |4 aut | |
| 245 | 1 | 0 | |a The man of property. / |c John Galsworthy |
| 250 | |a 1. vyd. | ||
| 260 | |a London : |b William Heinemann Ltd., |c 1925 | ||
| 300 | |a 376 s. | ||
| 655 | 7 | |a umelecká literatúra |2 SVKKKPH | |
| 910 | |a svkkk | ||
| 974 | |a UH |d 20030324 | ||
| 974 | |a KL |d 20030312 | ||
| 974 | |a MI |d 20030331 | ||
| 998 | |a BK | ||
| 090 | |g SCKHL |k Sklad Hlavná 10 prízemie |a I.72002 |j 951247 |i 2720406893 |s Prezenčne | ||